Among Us Colors - Statistics

General Stats
  • This quiz has been taken 22 times
  • The average score is 9 of 9
Answer Stats
Hint Answer % Correct
Color Black
100%
Color Blue
100%
Color Green
100%
Color Red
100%
Color White
100%
Color Brown
94%
Color Purple
94%
Color Yellow
94%
Color Pink
83%
No matching quizzes found
Score Distribution
Percent of People with Each Score
Percentile by Number Answered
Your Score History
You have not taken this quiz